[Event "?"]
[Site "ICS rated blitz match, 192.23"]
[Date "1997.??.??"]
[Round "?"]
[White "Brause"]
[Black "Kiriakos"]
[Result "1-0"]
[WhiteElo "2625"]
[BlackElo "2175"]
[PlyCount "57"]

1. e4 e5 2. Nf3 Nc6 3. Nc3 Nf6 4. Nxe5 Nxe5 5. d4 Ng6 6. e5 Be7 7. Bc4 O-O 8.
exf6 Bxf6 9. O-O c6 10. d5 d6 11. Bd2 Bf5 12. dxc6 bxc6 13. Qf3 Qd7 14. Bd3
Bxd3 15. Qxd3 d5 16. b4 Ne5 17. Qe2 Rfe8 18. Rfc1 Nc4 19. Qd3 Qd6 20. Rcb1 Re7
21. a3 Rae8 22. g3 Qe5 23. Rb3 Qh5 24. Bf4 g5 25. Bc1 Ne5 26. Nxd5 cxd5 27. Qf5
Ng4 28. h4 Re2 29. Rab1 1-0

[Event "?"]
[Site "ICS rated blitz match, 192.23"]
[Date "1997.??.??"]
[Round "?"]
[White "Brause"]
[Black "Kiriakos"]
[Result "1-0"]
[WhiteElo "2630"]
[BlackElo "2170"]
[PlyCount "87"]

1. e4 e5 2. Nf3 Nc6 3. Nc3 Nf6 4. Nxe5 Nxe5 5. d4 Ng6 6. e5 Be7 7. Bc4 O-O 8.
exf6 Bxf6 9. O-O c6 10. d5 d6 11. Bd2 Bf5 12. dxc6 bxc6 13. Qf3 Qd7 14. Bd3
Bxd3 15. Qxd3 d5 16. Rae1 Ne5 17. Qg3 Nc4 18. Bc1 Rfe8 19. b3 Nd6 20. Bf4 Nf5
21. Qd3 Rxe1 22. Rxe1 Re8 23. Rxe8+ Qxe8 24. Kf1 g6 25. g4 Ng7 26. b4 Ne6 27.
Bg3 Ng5 28. h4 Ne4 29. Nxe4 Qxe4 30. Qxe4 dxe4 31. Ke2 Bc3 32. Ke3 Bxb4 33.
Kxe4 f6 34. f4 Kf7 35. f5 Ke7 36. fxg6 hxg6 37. h5 gxh5 38. gxh5 Ke6 39. h6 Kf7
40. Bf2 a6 41. Kf5 Bd2 42. h7 Kg7 43. Bd4 Kxh7 44. Bxf6 1-0

[Event "?"]
[Site "ICS rated blitz match, 192.23"]
[Date "1997.??.??"]
[Round "?"]
[White "Brause"]
[Black "Dorobanov"]
[Result "1-0"]
[WhiteElo "2635"]
[BlackElo "2435"]
[PlyCount "31"]

1. e4 e5 2. Nf3 Nc6 3. Nc3 Nf6 4. Nxe5 Nxe5 5. d4 Ng6 6. e5 Ng8 7. Bc4 Bb4 8.
Qf3 Qe7 9. O-O Bxc3 10. bxc3 d5 11. Bxd5 Nh4 12. Qd3 c6 13. Be4 f5 14. exf6
Nxf6 15. Re1 Kf7 16. Bg5 1-0

[Event "?"]
[Site "ICS rated blitz match, 192.23"]
[Date "1997.??.??"]
[Round "?"]
[White "Brause"]
[Black "Dorobanov"]
[Result "0-1"]
[WhiteElo "2610"]
[BlackElo "2455"]
[PlyCount "129"]

1. e4 e5 2. Nf3 Nc6 3. Nc3 Nf6 4. Nxe5 Nxe5 5. d4 Ng6 6. e5 Ng8 7. Bc4 d5 8.
Bxd5 c6 9. Bf3 Bb4 10. O-O Bxc3 11. bxc3 Be6 12. Bh5 Qd7 13. Ba3 N8e7 14. Qd2
O-O 15. Bxg6 hxg6 16. Bc5 Rfe8 17. Rfd1 b6 18. Ba3 a5 19. Rdb1 b5 20. Bc5 a4
21. Re1 Bc4 22. a3 Nd5 23. Rad1 Qf5 24. Bd6 Rac8 25. h3 Nc7 26. Re3 Bd5 27. Qd3
Bc4 28. Qxf5 gxf5 29. Rd2 Nd5 30. Rf3 g6 31. h4 Kg7 32. h5 Rh8 33. hxg6 fxg6
34. Bc5 Nc7 35. Be7 Nd5 36. Bd6 Kf7 37. Bc5 Ke6 38. Bd6 Rh5 39. Rh3 Rch8 40.
Rxh5 Rxh5 41. Bb4 Nxb4 42. cxb4 Kd5 43. g3 g5 44. Kg2 g4 45. f3 Ke6 46. fxg4
fxg4 47. Kg1 Bd5 48. Kf2 Rh2+ 49. Ke3 Rxd2 50. Kxd2 Kf5 51. Kd3 Be6 52. Ke3 Bc4
53. c3 Be6 54. Kd3 Bd5 55. Ke3 Bc4 56. Kf2 Ke4 57. Kg2 Ke3 58. Kg1 Kf3 59. Kh2
Kf2 60. Kh1 Kxg3 61. Kg1 Kf3 62. d5 Bxd5 63. e6 Bxe6 64. Kf1 g3 65. Kg1 0-1

[Event "?"]
[Site "ICS rated blitz match, 192.23"]
[Date "1997.??.??"]
[Round "?"]
[White "Brause"]
[Black "Dorobanov"]
[Result "1-0"]
[WhiteElo "2590"]
[BlackElo "2480"]
[PlyCount "111"]

1. e4 e5 2. Nf3 Nc6 3. Nc3 Nf6 4. Nxe5 Nxe5 5. d4 Ng6 6. e5 Ng8 7. Bc4 d5 8.
Bxd5 c6 9. Bf3 Bb4 10. O-O Bxc3 11. bxc3 Be6 12. Bh5 Qd7 13. Ba3 N8e7 14. Qd2
O-O 15. f4 Rfe8 16. Be2 b5 17. Bc5 Nc8 18. Bd3 Nge7 19. Qf2 Bf5 20. c4 Bxd3 21.
cxd3 g6 22. cxb5 cxb5 23. h3 Qd5 24. Qf3 Qxf3 25. Rxf3 Nd5 26. f5 Nce7 27. f6
Nc6 28. Rc1 Rec8 29. Rff1 a5 30. a3 h6 31. Rfe1 Kh7 32. Rb1 Rab8 33. Bd6 Rb7
34. Rbc1 Na7 35. Rc5 Rxc5 36. dxc5 Nc6 37. Rf1 g5 38. e6 Kg6 39. e7 Ncxe7 40.
fxe7 Nxe7 41. Bxe7 Rxe7 42. Rb1 Rd7 43. Rxb5 Rxd3 44. Rxa5 Rc3 45. Kf2 f6 46.
a4 Rc4 47. Ke3 Kf5 48. Kd3 Rc1 49. Kd4 Rd1+ 50. Ke3 Rc1 51. Rb5 Rc4 52. a5 Ra4
53. c6+ Ke6 54. Rc5 Ra3+ 55. Kd4 Rb3 56. c7 1-0

[Event "?"]
[Site "ICS rated blitz match, 192.23"]
[Date "1997.??.??"]
[Round "?"]
[White "Brause"]
[Black "Dorobanov"]
[Result "1-0"]
[WhiteElo "2600"]
[BlackElo "2470"]
[PlyCount "55"]

1. e4 e5 2. Nf3 Nc6 3. Nc3 Nf6 4. Nxe5 Nxe5 5. d4 Ng6 6. e5 Ng8 7. Bc4 d5 8.
Bxd5 c6 9. Bf3 Bb4 10. O-O Bxc3 11. bxc3 Be6 12. Bh5 Qc8 13. Bxg6 hxg6 14. Bg5
Qd7 15. Qd3 Qd5 16. Rfb1 b5 17. a4 a6 18. Qe3 Ne7 19. Bxe7 Kxe7 20. Ra3 Rad8
21. axb5 axb5 22. Ra7+ Rd7 23. c4 bxc4 24. Qg5+ f6 25. Qxg6 Bf7 26. Rxd7+ Qxd7
27. Qxg7 Rd8 28. exf6+ 1-0

[Event "?"]
[Site "ICS rated blitz match, 192.23"]
[Date "1997.??.??"]
[Round "?"]
[White "Brause"]
[Black "Dorobanov"]
[Result "0-1"]
[WhiteElo "2610"]
[BlackElo "2460"]
[PlyCount "129"]

1. e4 e5 2. Nf3 Nc6 3. Nc3 Nf6 4. Nxe5 Nxe5 5. d4 Ng6 6. e5 Ng8 7. Bc4 d5 8.
Bxd5 c6 9. Bf3 Bb4 10. O-O Bxc3 11. bxc3 Be6 12. Bh5 Qc8 13. Bxg6 hxg6 14. Qd3
b5 15. Re1 Ne7 16. Ba3 Qd7 17. Bxe7 Kxe7 18. a4 a6 19. Ra3 Rhd8 20. axb5 axb5
21. Rxa8 Rxa8 22. Qe4 Kf8 23. Qf4 Kg8 24. Rc1 Ra2 25. f3 Bf5 26. Qd2 Qa7 27. g4
Be6 28. Qd3 Qd7 29. Re1 Bc4 30. Qd2 Bb3 31. Rc1 Bd5 32. Kf2 Qe7 33. Kg3 f5 34.
h4 fxg4 35. Kxg4 Qe6+ 36. Kg3 Qf5 37. Qd3 Kf7 38. Qxf5+ gxf5 39. Kf4 Ra3 40.
Kxf5 Rxc3 41. Kg5 Rxf3 42. Kg4 Rf2 43. Kg3 Rd2 44. c3 Be4 45. Kf4 Bh7 46. Ra1
Rc2 47. Ra7+ Kg6 48. Ra3 Bg8 49. Kg4 Be6+ 50. Kg3 Kh5 51. Kf4 Kxh4 52. Ke3 g5
53. Ra8 Rxc3+ 54. Kd2 Rf3 55. Rh8+ Kg3 56. Rh6 Bd5 57. Rd6 Rf4 58. Kc3 g4 59.
Kd3 Kg2 60. Ke3 Re4+ 61. Kd3 g3 62. Kc3 Kg1 63. Rf6 g2 64. e6 Rxe6 65. Rf5 0-1

[Event "?"]
[Site "ICS rated blitz match, 192.23"]
[Date "1997.??.??"]
[Round "?"]
[White "Brause"]
[Black "Dorobanov"]
[Result "1-0"]
[WhiteElo "2585"]
[BlackElo "2480"]
[PlyCount "119"]

1. e4 e5 2. Nf3 Nc6 3. Nc3 Nf6 4. Nxe5 Nxe5 5. d4 Ng6 6. e5 Ng8 7. Bc4 d5 8.
Bxd5 c6 9. Bf3 Bb4 10. O-O Bxc3 11. bxc3 Be6 12. Bh5 Qc8 13. Ba3 N8e7 14. f4
Qd7 15. Qf3 O-O 16. Bd6 Rfe8 17. Qd3 b5 18. Rf2 a6 19. Bxg6 hxg6 20. h3 Nd5 21.
Re1 Bf5 22. Qg3 f6 23. h4 Kf7 24. Qf3 Bg4 25. Qd3 Nb6 26. Bc5 Nc4 27. Qe4 Bf5
28. Qf3 Bg4 29. Qg3 Qf5 30. Rc1 Rad8 31. Ra1 Nb2 32. Re1 Nc4 33. a3 Qe6 34.
Ref1 Bf5 35. Rc1 Rh8 36. Re1 Rh5 37. Kf1 Rdh8 38. exf6 Qxf6 39. Be7 Qxe7 40.
Rxe7+ Kxe7 41. Qf3 Bd7 42. g3 Re8 43. a4 Rhh8 44. axb5 axb5 45. Qd3 Kf7 46. Qf3
Re7 47. Kg2 Rhe8 48. h5 gxh5 49. Qxh5+ Kg8 50. Qc5 Re2 51. Rxe2 Rxe2+ 52. Kh1
Nd2 53. Qh5 Re1+ 54. Kg2 Nc4 55. Kf2 Re7 56. Qg5 Kf7 57. d5 cxd5 58. Qxd5+ Kf8
59. Qd4 Re6 60. Qxd7 1-0

[Event "?"]
[Site "ICS rated blitz match, 192.23"]
[Date "1997.??.??"]
[Round "?"]
[White "Brause"]
[Black "Dorobanov"]
[Result "1-0"]
[WhiteElo "2600"]
[BlackElo "2470"]
[PlyCount "129"]

1. e4 e5 2. Nf3 Nc6 3. Nc3 Nf6 4. Nxe5 Nxe5 5. d4 Ng6 6. e5 Ng8 7. Bc4 d5 8.
Bxd5 c6 9. Bf3 Bb4 10. O-O Bxc3 11. bxc3 Be6 12. Bh5 N8e7 13. f4 Qd7 14. Be3
O-O 15. Bf3 f5 16. g3 Bd5 17. Qb1 b5 18. Qb4 a5 19. Qc5 a4 20. Qd6 Rfd8 21.
Qxd7 Rxd7 22. Bc1 Nf8 23. Ba3 Bxf3 24. Rxf3 Ne6 25. Rd1 Rad8 26. Bxe7 Rxe7 27.
Rfd3 Red7 28. Kf2 Kf7 29. Rb1 Nc7 30. Re1 Ke6 31. Red1 Na8 32. Kg2 Nb6 33. Kf3
Nc4 34. Rg1 c5 35. Rb1 Na3 36. Rc1 Nc4 37. Rb1 Na3 38. Rc1 Kd5 39. dxc5+ Kxc5
40. Ke2 Nc4 41. Rcd1 Rxd3 42. cxd3 Nb6 43. Rb1 Nd5 44. Rc1 Nc7 45. Kd2 Ne6 46.
Rb1 Rb8 47. d4+ Kd5 48. Kd3 g6 49. Rxb5+ Rxb5 50. c4+ Kc6 51. cxb5+ Kxb5 52. d5
Nd8 53. e6 Nb7 54. Kd4 Kb6 55. Ke5 Kc7 56. Kf6 Nd6 57. h3 Kd8 58. Kg7 Ke7 59.
Kxh7 Nc8 60. Kxg6 Nb6 61. Kxf5 Nxd5 62. h4 Nc3 63. h5 Nxa2 64. h6 Nb4 65. h7
1-0

[Event "?"]
[Site "ICS rated blitz match, 192.23"]
[Date "1997.??.??"]
[Round "?"]
[White "Brause"]
[Black "Dorobanov"]
[Result "0-1"]
[WhiteElo "2610"]
[BlackElo "2460"]
[PlyCount "70"]

1. e4 e5 2. Nf3 Nc6 3. Nc3 Nf6 4. Nxe5 Nxe5 5. d4 Ng6 6. e5 Ng8 7. Bc4 d5 8.
Bxd5 c6 9. Bf3 Bb4 10. O-O Bxc3 11. bxc3 a6 12. Be4 Be6 13. Bxg6 hxg6 14. Bf4
Qh4 15. Bg3 Qh5 16. Qb1 b5 17. Qb4 Ne7 18. a4 Rd8 19. axb5 axb5 20. Ra7 Nf5 21.
Qc5 Bd5 22. e6 fxe6 23. c4 bxc4 24. Bc7 Bxg2 25. c3 Bd5 26. Rfa1 Qh3 27. f3
Qxf3 28. R7a2 Qg4+ 29. Kf2 Rh3 30. Bg3 Nxg3 31. Qxd5 cxd5 32. Ke1 Ne4 33. Rg2
Qxg2 34. Ra8 Rxa8 35. Kd1 Ra1# 0-1

[Event "?"]
[Site "ICS rated blitz match, 192.23"]
[Date "1997.??.??"]
[Round "?"]
[White "Brause"]
[Black "Dorobanov"]
[Result "1-0"]
[WhiteElo "2590"]
[BlackElo "2480"]
[PlyCount "143"]

1. e4 e5 2. Nf3 Nc6 3. Nc3 Nf6 4. Nxe5 Nxe5 5. d4 Ng6 6. e5 Ng8 7. Bc4 d5 8.
Bxd5 c6 9. Bf3 Bb4 10. O-O Bxc3 11. bxc3 Be6 12. Bh5 Qd7 13. Ba3 N8e7 14. Qd2
O-O 15. f4 f5 16. Bxg6 hxg6 17. h3 Rfe8 18. Bd6 Kf7 19. Qd3 Nc8 20. Bc5 b6 21.
Bb4 Qd5 22. Rfe1 a5 23. Ba3 b5 24. Bc5 a4 25. Qe3 Rb8 26. Qg3 Nb6 27. Qg5 Qd8
28. Qxd8 Rexd8 29. Re3 Nc4 30. Re2 Bd5 31. Rb1 Ke6 32. Kh2 Be4 33. h4 Rh8 34.
Kg3 Rh5 35. Rh1 Rbh8 36. Rh2 Kd5 37. Rh3 Ke6 38. Bb4 Bd5 39. Bc5 Na5 40. Bb6
Nb7 41. a3 Bc4 42. Re3 Kd7 43. Rh1 Nd8 44. Bxd8 Kxd8 45. Ree1 Ke7 46. Re3 Ke6
47. Rh3 Bd5 48. Re2 Be4 49. Rh2 Kd5 50. Re1 Kc4 51. Re3 Rd8 52. Kf2 Kd5 53. Re2
Ke6 54. Ke3 Rdh8 55. g3 Rc8 56. Rd2 Rhh8 57. Rd1 Rhd8 58. Rb1 Bd5 59. Rd2 Bc4
60. Rg1 c5 61. g4 Kf7 62. gxf5 gxf5 63. Rdg2 Rg8 64. Rg5 g6 65. h5 gxh5 66.
Rxf5+ Ke7 67. Rxg8 Rxg8 68. dxc5 h4 69. Rh5 Rg4 70. c6 Kd8 71. Rh7 Bd5 72. Rd7+
1-0

[Event "?"]
[Site "ICS rated blitz match, 192.23"]
[Date "1997.??.??"]
[Round "?"]
[White "Brause"]
[Black "Dorobanov"]
[Result "1-0"]
[WhiteElo "2600"]
[BlackElo "2470"]
[PlyCount "117"]

1. e4 e5 2. Nf3 Nc6 3. Nc3 Nf6 4. Nxe5 Nxe5 5. d4 Ng6 6. e5 Ng8 7. Bc4 d5 8.
Bxd5 c6 9. Bf3 Bb4 10. O-O Bxc3 11. bxc3 Be6 12. Bh5 Qa5 13. Bxg6 hxg6 14. Bd2
Qd5 15. Qe2 Ne7 16. Bg5 Qd7 17. a4 b6 18. a5 b5 19. Rfe1 O-O 20. Rac1 Bc4 21.
Qf3 Nd5 22. a6 Qf5 23. Qxf5 gxf5 24. Bd2 Rfe8 25. g3 g6 26. Ra1 Kg7 27. Kh1 Rh8
28. Bg5 Rae8 29. h4 f6 30. exf6+ Nxf6 31. Bf4 Nd7 32. Kh2 Kf6 33. Rad1 Kf7 34.
Kg2 Rxe1 35. Rxe1 Re8 36. Rxe8 Kxe8 37. Kf3 Kf7 38. Bd6 Ke6 39. Bb4 Ba2 40. Ke3
Bb1 41. Kd2 Kd5 42. Be7 Ke4 43. Bd6 Kf3 44. c4 bxc4 45. Kc1 Bxc2 46. Kxc2 Kxf2
47. Kc3 Kf3 48. Kxc4 Ke4 49. Bc7 Kf3 50. d5 cxd5+ 51. Kxd5 Nf6+ 52. Kc6 Ne4 53.
Bb6 Kxg3 54. Bxa7 f4 55. Bb8 Kg4 56. a7 f3 57. a8=Q f2 58. Qa6 Nd2 59. Qe2+ 1-0

[Event "?"]
[Site "ICS rated blitz match, 192.23"]
[Date "1997.??.??"]
[Round "?"]
[White "Brause"]
[Black "Dorobanov"]
[Result "0-1"]
[WhiteElo "2610"]
[BlackElo "2460"]
[PlyCount "96"]

1. e4 e5 2. Nf3 Nc6 3. Nc3 Nf6 4. Nxe5 Nxe5 5. d4 Ng6 6. e5 Ng8 7. Bc4 d5 8.
Bxd5 c6 9. Bf3 Bb4 10. O-O Bxc3 11. bxc3 Be6 12. Bh5 Qd7 13. Ba3 N8e7 14. f4
O-O 15. g4 f5 16. exf6 Rxf6 17. f5 Nxf5 18. gxf5 Bxf5 19. Rb1 b6 20. Rb2 Re8
21. Bb4 Qd5 22. Bf3 Be4 23. Bxe4 Rxe4 24. Rxf6 Qg5+ 25. Kh1 gxf6 26. c4 Qf4 27.
c3 Re3 28. Kg1 Nh4 29. Rc2 Nf3+ 30. Kh1 Re1+ 31. Qxe1 Nxe1 32. Rg2+ Kf7 33. Kg1
Nxg2 34. Kxg2 Qd2+ 35. Kf1 Qxa2 36. Kg1 Qxc4 37. Kf2 a5 38. Bd6 Qxc3 39. d5
Qd4+ 40. Ke2 Qxd5 41. Bg3 Ke6 42. Ke3 a4 43. Bc7 a3 44. h4 a2 45. Kf2 a1=Q 46.
Bxb6 Qb2+ 47. Ke1 Qh1+ 48. Bg1 Qxg1# 0-1

[Event "?"]
[Site "ICS rated blitz match, 192.23"]
[Date "1997.??.??"]
[Round "?"]
[White "Brause"]
[Black "Dorobanov"]
[Result "0-1"]
[WhiteElo "2590"]
[BlackElo "2485"]
[PlyCount "166"]

1. e4 e5 2. Nf3 Nc6 3. Nc3 Nf6 4. Nxe5 Nxe5 5. d4 Ng6 6. e5 Ng8 7. Bc4 d5 8.
Bxd5 c6 9. Bf3 Bb4 10. O-O Bxc3 11. bxc3 Be6 12. Bh5 Qd7 13. Ba3 N8e7 14. Qd2
O-O 15. f4 f5 16. Bxg6 hxg6 17. h3 Kf7 18. Bd6 b6 19. Qd3 Rfd8 20. Rf3 Nc8 21.
Bb4 a5 22. Ba3 b5 23. Bc5 Rb8 24. Rf2 a4 25. Qg3 Nb6 26. Qg5 Rh8 27. Bd6 Rbc8
28. Re2 Nc4 29. Bc5 Qd8 30. Qg3 Qh4 31. Qf2 Qxf2+ 32. Rxf2 Bd5 33. Rd1 Ke6 34.
Rd3 Na5 35. a3 Nc4 36. Rg3 Kf7 37. Kf1 Be6 38. Rd3 Rh5 39. Ke1 Rd8 40. Rf1 Rh4
41. Rg3 Bd5 42. Rf2 Rb8 43. Kd1 Nb6 44. Kc1 Be6 45. Bxb6 Rxb6 46. Kd2 Rb8 47.
Ke3 Rd8 48. Rd2 Re8 49. Re2 Bc4 50. Rf2 Re6 51. Rd2 Rh8 52. Rd1 Rd8 53. Rg5 Rh8
54. Re1 Rh5 55. Rg3 Rh8 56. Rc1 Bd5 57. Rf1 Ke8 58. Re1 Kd7 59. Re2 Kc7 60. Rf2
Kb6 61. Rf1 Rh6 62. Re1 Re7 63. Rd1 Bf7 64. Rf3 Be6 65. Rd3 Rd7 66. Rd2 Rh8 67.
Re2 Rhd8 68. Rg3 Bf7 69. Rg5 Re8 70. g4 fxg4 71. hxg4 Rh8 72. Kd2 Bc4 73. Re4
Rh2+ 74. Kc1 Rh1+ 75. Kb2 Rd8 76. Rxg6 Rdh8 77. Rxg7 Rd1 78. Ra7 Kxa7 79. d5
Rhh1 80. Rxc4 bxc4 81. g5 Rb1+ 82. Ka2 Ra1+ 83. Kb2 Rhb1# 0-1

[Event "?"]
[Site "ICS rated blitz match, 192.23"]
[Date "1997.??.??"]
[Round "?"]
[White "Brause"]
[Black "illich"]
[Result "1-0"]
[WhiteElo "2570"]
[BlackElo "2005"]
[PlyCount "35"]

1. e4 e5 2. Nf3 Nc6 3. Nc3 Nf6 4. Nxe5 Nxe5 5. d4 Ng6 6. e5 Ng8 7. Bc4 d5 8.
Bxd5 c6 9. Bf3 Be6 10. O-O Bb4 11. a3 Ba5 12. Ne4 Bc7 13. Nc5 b6 14. Nxe6 fxe6
15. Bxc6+ Kf8 16. Qf3+ Ke7 17. Bg5+ Nf6 18. Bxf6+ 1-0

[Event "?"]
[Site "ICS rated blitz match, 192.23"]
[Date "1997.??.??"]
[Round "?"]
[White "Brause"]
[Black "humanoid"]
[Result "1-0"]
[WhiteElo "2500"]
[BlackElo "2400"]
[PlyCount "131"]

1. e4 e5 2. Nf3 Nc6 3. Nc3 Nf6 4. Nxe5 Nxe5 5. d4 Ng6 6. e5 Ng8 7. Bc4 f5 8.
Qh5 d6 9. e6 Nf6 10. Qxf5 c6 11. O-O d5 12. Bd3 Be7 13. Rb1 O-O 14. Qh3 Re8 15.
Bxg6 hxg6 16. Re1 Bb4 17. Bg5 Be7 18. b4 a6 19. Rb3 Rf8 20. Re2 Ne8 21. Bd2 Nd6
22. Qg4 Rf6 23. Bf4 Qe8 24. Bg5 Rf5 25. Bxe7 Qxe7 26. Qxg6 Rf6 27. Qg5 Kf8 28.
Qh5 Kg8 29. Na4 Qe8 30. Qxe8+ Nxe8 31. Nb6 Rb8 32. Nd7 Bxd7 33. exd7 Nd6 34.
Re7 Rff8 35. Rd3 Rbd8 36. f3 Nf5 37. Re2 Rxd7 38. Kf2 Re7 39. Re5 Rxe5 40. dxe5
Re8 41. f4 Kf7 42. g4 Ne7 43. a4 Rh8 44. h3 Ke6 45. Ke2 g5 46. fxg5 Kxe5 47.
Re3+ Kd6 48. Rf3 Kd7 49. a5 Ng6 50. Kf2 Ne5 51. Rf5 Nc4 52. Kg3 Nd6 53. h4 Ne4+
54. Kh3 Ke7 55. h5 Rf8 56. g6 Rxf5 57. gxf5 Kf6 58. h6 Ng5+ 59. Kh4 Ne4 60. Kg4
Nd6 61. h7 Kg7 62. f6+ Kh8 63. f7 Nxf7 64. gxf7 Kg7 65. h8=Q+ Kxh8 66. f8=Q+
1-0

[Event "?"]
[Site "ICS rated blitz match, 192.23"]
[Date "1997.??.??"]
[Round "?"]
[White "Brause"]
[Black "humanoid"]
[Result "0-1"]
[WhiteElo "2475"]
[BlackElo "2395"]
[PlyCount "107"]

1. e4 e5 2. Nf3 Nc6 3. Nc3 Nf6 4. Nxe5 Nxe5 5. d4 Ng6 6. e5 Ng8 7. Bc4 f5 8.
Qh5 d6 9. Bf4 c6 10. Bg5 Be7 11. f4 d5 12. Bb3 Bxg5 13. fxg5 N8e7 14. O-O-O Be6
15. Rhf1 b5 16. g3 O-O 17. Ne2 a5 18. a4 Qd7 19. Rf2 Rab8 20. axb5 cxb5 21. Rd3
a4 22. Ba2 Nc6 23. Kb1 Nb4 24. Rd2 Nxa2 25. Kxa2 b4 26. Qf3 Rfc8 27. Kb1 b3 28.
c3 Qa7 29. h3 a3 30. Nc1 Rb7 31. bxa3 Qxa3 32. c4 Ra8 33. Qc3 b2 34. Qxa3
bxc1=Q+ 35. Kxc1 Rxa3 36. Rb2 Rc3+ 37. Rfc2 Rxc2+ 38. Rxc2 dxc4 39. h4 f4 40.
h5 Ne7 41. gxf4 Nf5 42. Rd2 Ne3 43. Rf2 c3 44. Rc2 Rb3 45. Ra2 Bf5 46. Ra8+ Kf7
47. Ra1 c2 48. g6+ hxg6 49. Ra7+ Ke6 50. Rc7 Rb1+ 51. Kd2 Rd1+ 52. Kxe3 c1=Q+
53. Rxc1 Rxc1 54. hxg6 0-1

[Event "?"]
[Site "ICS rated blitz match, 192.23"]
[Date "1997.??.??"]
[Round "?"]
[White "Brause"]
[Black "humanoid"]
[Result "1-0"]
[WhiteElo "2480"]
[BlackElo "2395"]
[PlyCount "75"]

1. e4 e5 2. Nf3 Nc6 3. Nc3 Nf6 4. Nxe5 Nxe5 5. d4 Ng6 6. e5 Ng8 7. Bc4 f5 8.
Qh5 d6 9. g4 dxe5 10. dxe5 Qd4 11. gxf5 Qxe5+ 12. Be3 Qxf5 13. Qe2 Bd6 14. Nb5
Bd7 15. Bc5+ Qe5 16. Bxd6 Qxe2+ 17. Bxe2 cxd6 18. Nc7+ Kd8 19. Nxa8 Bc6 20. Rg1
b6 21. Nxb6 axb6 22. Rd1 Ke7 23. h4 Nf6 24. h5 Nf4 25. Rxg7+ Ke6 26. h6 Ra8 27.
Bc4+ d5 28. Bb3 Re8 29. Kd2 Kf5 30. Re1 Ne6 31. Ra7 Ra8 32. Re7 Nd4 33. Kd3
Nxb3 34. axb3 Bb5+ 35. Kd4 Rc8 36. c4 Bc6 37. R7e5+ Kg6 38. Rg1+ 1-0

[Event "?"]
[Site "ICS rated blitz match, 192.23"]
[Date "1997.??.??"]
[Round "?"]
[White "Brause"]
[Black "humanoid"]
[Result "1-0"]
[WhiteElo "2490"]
[BlackElo "2380"]
[PlyCount "123"]

1. e4 e5 2. Nf3 Nc6 3. Nc3 Nf6 4. Nxe5 Nxe5 5. d4 Ng6 6. e5 Ng8 7. Bc4 f5 8.
Qh5 d6 9. g4 dxe5 10. dxe5 Qd4 11. gxf5 Qxc4 12. fxg6 Qg4 13. Qxg4 Bxg4 14.
gxh7 Rxh7 15. Nb5 O-O-O 16. Nxa7+ Kb8 17. Be3 Ne7 18. Rg1 Rxh2 19. Nb5 Nf5 20.
Bf4 Rh3 21. e6 Nd6 22. Nd4 Re8 23. c3 Bxe6 24. O-O-O Bc8 25. Bxd6 Bxd6 26. Rxg7
Be5 27. Rg2 Bxd4 28. cxd4 b6 29. Kd2 Ba6 30. Kc1 Rf3 31. Rd2 Rd3 32. Rxd3 Bxd3
33. Kd2 Bb5 34. f3 Rf8 35. Rf2 Kc8 36. f4 Kd7 37. f5 Rf6 38. Ke3 Kd6 39. Ke4
Bc6+ 40. Kf4 Rf8 41. Re2 Bd5 42. a3 Rf7 43. Re8 Bb3 44. Re5 Bc2 45. b4 Rf8 46.
Kg5 Ra8 47. Re6+ Kd7 48. Re3 Ba4 49. f6 Bc6 50. f7 Bd5 51. Kf6 Rf8 52. Re7+ Kd6
53. a4 Bxf7 54. Rxf7 Rxf7+ 55. Kxf7 Kd5 56. a5 bxa5 57. bxa5 Kc6 58. Ke7 Kb5
59. Kd7 c5 60. a6 cxd4 61. a7 d3 62. a8=Q 1-0

[Event "?"]
[Site "ICS rated blitz match, 192.23"]
[Date "1997.??.??"]
[Round "?"]
[White "Brause"]
[Black "mmx-moy"]
[Result "1-0"]
[WhiteElo "2540"]
[BlackElo "1980"]
[PlyCount "65"]

1. e4 e5 2. Nf3 Nc6 3. Nc3 Nf6 4. Nxe5 Nxe5 5. d4 Ng6 6. e5 Ng8 7. Bc4 d6 8.
Qf3 Qe7 9. Bb5+ Kd8 10. O-O c6 11. exd6 Qxd6 12. Ne4 Qd7 13. Bc4 f6 14. Re1 Nh6
15. Bxh6 gxh6 16. Nxf6 Qf5 17. Re8+ Kc7 18. Qxf5 Bxf5 19. Rxa8 Bxc2 20. Rc1 Bf5
21. Nd5+ cxd5 22. Bd3+ Kb6 23. Bxf5 Bg7 24. Rxh8 Bxh8 25. Rd1 Kb5 26. g3 Kc4
27. Bd3+ Kb4 28. Be2 Nf8 29. Rd3 Ne6 30. Rb3+ Ka5 31. Rb5+ Ka4 32. Rxb7 a5 33.
Bd1# 1-0

[Event "?"]
[Site "ICS rated blitz match, 192.23"]
[Date "1997.??.??"]
[Round "?"]
[White "Brause"]
[Black "mmx-moy"]
[Result "1-0"]
[WhiteElo "2540"]
[BlackElo "1980"]
[PlyCount "45"]

1. e4 e5 2. Nf3 Nc6 3. Nc3 Nf6 4. Nxe5 Nxe5 5. d4 Ng6 6. e5 Ng8 7. Bc4 Bb4 8.
Qf3 Qe7 9. O-O Bxc3 10. bxc3 Nh4 11. Qg3 Nf5 12. Qg4 g6 13. Bg5 Qf8 14. Qe4 h5
15. Rab1 c6 16. Rb3 Nge7 17. Re1 h4 18. a4 Rh5 19. Bf4 g5 20. Be2 Qh6 21. Bd2
d5 22. exd6 Nxd6 23. Qe5 1-0

[Event "?"]
[Site "ICS rated blitz match, 192.23"]
[Date "1997.??.??"]
[Round "?"]
[White "Brause"]
[Black "evbad"]
[Result "1-0"]
[WhiteElo "2540"]
[BlackElo "2365"]
[PlyCount "31"]

1. e4 e5 2. Nf3 Nc6 3. Nc3 Nf6 4. Nxe5 Nxe5 5. d4 Ng6 6. e5 Ng8 7. Bc4 d6 8.
Qf3 Qd7 9. O-O dxe5 10. dxe5 Nxe5 11. Re1 Bd6 12. Bf4 f6 13. Bb5 c6 14. Rad1 a6
15. Bxe5 fxe5 16. Ne4 1-0

[Event "?"]
[Site "ICS rated blitz match, 192.23"]
[Date "1997.??.??"]
[Round "?"]
[White "Brause"]
[Black "EGIS"]
[Result "1-0"]
[WhiteElo "2585"]
[BlackElo "2075"]
[PlyCount "123"]

1. e4 e5 2. Nf3 Nc6 3. Nc3 Nf6 4. Nxe5 Nxe5 5. d4 Nc6 6. d5 Nb8 7. e5 Qe7 8.
Qe2 Ng8 9. d6 cxd6 10. Nd5 Qxe5 11. Nc7+ Kd8 12. Nxa8 Nc6 13. Qxe5 dxe5 14. Bb5
Bc5 15. Bg5+ f6 16. Be3 Bxe3 17. fxe3 Nge7 18. a4 b6 19. Rd1 Bb7 20. Nxb6 axb6
21. O-O Kc7 22. c3 Ra8 23. Rd2 Ba6 24. Rfd1 d5 25. Bxa6 Rxa6 26. b3 Na5 27. Rb2
Kc6 28. b4 Nc4 29. b5+ Kc7 30. bxa6 Nxb2 31. Ra1 Kb8 32. a5 b5 33. Rb1 Ka7 34.
Rxb2 Kxa6 35. Ra2 Nc6 36. Kf2 Nxa5 37. Rd2 d4 38. exd4 exd4 39. Rxd4 Kb6 40.
Rd7 Kc5 41. Rxg7 Nc6 42. Rxh7 Ne5 43. h4 Kc4 44. Rc7+ Kd3 45. Kg3 Ke4 46. Rc5
f5 47. h5 f4+ 48. Kh4 f3 49. gxf3+ Nxf3+ 50. Kg4 Ne5+ 51. Rxe5+ Kxe5 52. Kg5
Kd5 53. h6 Kc4 54. h7 Kxc3 55. h8=Q+ Kb3 56. Qd4 b4 57. Kf5 Ka3 58. Qc5 Ka4 59.
Ke5 b3 60. Kd5 b2 61. Kc4 b1=Q 62. Qa7# 1-0

[Event "?"]
[Site "ICS rated blitz match, 192.23"]
[Date "1997.??.??"]
[Round "?"]
[White "Brause"]
[Black "EGIS"]
[Result "1/2-1/2"]
[WhiteElo "2585"]
[BlackElo "2075"]
[PlyCount "96"]

1. e4 e5 2. Nf3 Nc6 3. Nc3 Nf6 4. Nxe5 Nxe5 5. d4 Nc6 6. d5 Nb8 7. e5 Qe7 8.
Qe2 Ng8 9. d6 cxd6 10. Nd5 Qxe5 11. Qxe5+ dxe5 12. Nc7+ Kd8 13. Nxa8 Nc6 14.
Bb5 Bc5 15. Bg5+ f6 16. Bd2 Nge7 17. Rb1 b6 18. b4 Bd6 19. c4 Nd4 20. c5 Nxb5
21. cxd6 Nxd6 22. Rc1 Nd5 23. f3 Bb7 24. Nxb6 axb6 25. a4 Ke7 26. a5 bxa5 27.
bxa5 Ra8 28. Kf2 Nf5 29. Rb1 Bc6 30. Rhc1 Nd4 31. Rc4 Kd6 32. h4 Ra6 33. Rb8
Kc7 34. Rb1 Kd6 35. Rb8 Kc7 36. Rb1 Ra8 37. f4 d6 38. g3 Rb8 39. Rxb8 Kxb8 40.
Rc1 Ka7 41. Rc4 Ka6 42. Rc1 Bb7 43. fxe5 dxe5 44. Rb1 Bc6 45. Rc1 Bb7 46. Rb1
Bc6 47. Rc1 Kb5 48. Rb1+ Ka6 1/2-1/2

[Event "?"]
[Site "ICS rated blitz match, 192.23"]
[Date "1997.??.??"]
[Round "?"]
[White "Brause"]
[Black "EGIS"]
[Result "1-0"]
[WhiteElo "2570"]
[BlackElo "2085"]
[PlyCount "87"]

1. e4 e5 2. Nf3 Nc6 3. Nc3 Nf6 4. Nxe5 Nxe5 5. d4 Nc6 6. d5 Nb8 7. e5 Qe7 8.
Qe2 Ng8 9. d6 cxd6 10. Nd5 Qxe5 11. Qxe5+ dxe5 12. Nc7+ Kd8 13. Nxa8 Bc5 14.
Bc4 f6 15. Bd2 Nc6 16. O-O b6 17. Bd5 Bb7 18. b4 Bd6 19. Nxb6 axb6 20. b5 Na5
21. Bxa5 bxa5 22. Bxb7 Kc7 23. Be4 Ne7 24. a4 f5 25. Bd3 g6 26. Rac1 Bc5 27.
Rfe1 e4 28. Bc4 d5 29. Bb3 d4 30. Rcd1 Rd8 31. Kf1 Nd5 32. Bxd5 Rxd5 33. Ke2
Kb6 34. Rf1 Bb4 35. Ra1 Kc5 36. Rfd1 Bc3 37. Rab1 Kb6 38. Rb3 Bb4 39. Kf1 Rd6
40. c3 dxc3 41. Rxd6+ Bxd6 42. Rxc3 Bc5 43. Rh3 h5 44. Rg3 1-0

[Event "?"]
[Site "ICS rated blitz match, 192.23"]
[Date "1997.??.??"]
[Round "?"]
[White "Brause"]
[Black "EGIS"]
[Result "1-0"]
[WhiteElo "2575"]
[BlackElo "2085"]
[PlyCount "55"]

1. e4 e5 2. Nf3 Nc6 3. Nc3 Nf6 4. Nxe5 Nxe5 5. d4 Nc6 6. d5 Nb8 7. e5 Qe7 8.
Qe2 Ng8 9. d6 cxd6 10. Nd5 Qxe5 11. Qxe5+ dxe5 12. Nc7+ Kd8 13. Nxa8 Nc6 14.
Bb5 Bc5 15. O-O a6 16. Bd3 Nge7 17. Be3 Bxe3 18. fxe3 Rf8 19. Kf2 f5 20. Rae1
b5 21. a4 Bb7 22. axb5 axb5 23. Ra1 d5 24. Bxb5 f4 25. Kg1 g5 26. c3 Kc8 27.
Bxc6 Nxc6 28. Nb6+ 1-0